000 00572nam a2200181Ia 4500
005 20260429112239.0
008 260429s9999||||xx |||||||||||||| ||und||
020 _a9788196726232
041 _aHindi
082 _a335.4
_bSAN
100 _aसांकृत्यायन, राहुल
245 0 _aकाल मार्क्स /
_cराहुल सांकृत्यायन
250 _a1st ed.
260 _aदिल्ली :
_bप्रकाशन संस्थान,
_c2025.
300 _a352 p.; Hb
650 _aMarxism
942 _cTB
999 _c53108
_d53108